Chian iji hōan giji sokkiroku narabini iinkai giroku; dai 50-kai Teikoku Gikai,
Disimpan dalam:
| Pengarang Korporat: | |
|---|---|
| Format: | Buku |
| Bahasa: | Japanese |
| Diterbitkan: |
Kyōto,
Tōyō Bunkasha,
1972.
|
| Siri: | Shakai mondai shiryō sōsho ;
dai 1-shū. Shisō kenkyū shiryō. Tokushū ; dai 7-gō. |
| Subjek-subjek: | |
| Penanda-penanda: |
Tambah Penanda
Tiada Penanda, Jadilah orang pertama menanda rekod ini!
|
| LEADER | 01512cam a2200325 4500 | ||
|---|---|---|---|
| 001 | 007741351-2 | ||
| 005 | 20024617120653.0 | ||
| 008 | 910328r19721933ja 100 0 jpn | ||
| 010 | |a 74801063 /J | ||
| 015 | |a Ja72-16188 | ||
| 035 | 0 | |a ocm23347974 | |
| 040 | |a DLC |c WaU |d *YNH* |d CStRLIN | ||
| 110 | 1 | |6 880-01 |a Japan. |b Teikoku Gikai. | |
| 245 | 1 | 0 | |6 880-02 |a Chian iji hōan giji sokkiroku narabini iinkai giroku; |b dai 50-kai Teikoku Gikai, |c Shakai Mondai Shiryō Kenkyūkai hen. |
| 260 | |6 880-03 |a Kyōto, |b Tōyō Bunkasha, |c 1972. | ||
| 300 | |a 802 p. |c 22 cm. | ||
| 490 | 1 | |6 880-04 |a Shakai mondai shiryō sōsho ; |v dai 1-shū | |
| 500 | |6 880-05 |a Reprint of the 1933 ed., which was issued as Shihōshō Keijikyoku "Shisō kenkyū shiryō" tokushū dai 7-gō. | ||
| 650 | 0 | |a Internal security |z Japan. | |
| 880 | 1 | |6 110-01 |a Japan. |b 帝国議会. | |
| 880 | 1 | 0 | |6 245-02 |a 治安維持法案議事速記錄竝委員会議錄; |b 第50回帝国議会, |c 社会問題資料研究会編. |
| 880 | |6 260-03 |a 京都, |b 東洋文化社, |c 1972. | ||
| 880 | 1 | |6 490-04 |a 社会問題資料叢書 ; |v 第1輯 | |
| 880 | |6 500-05 |a Reprint of the 1933 ed., which was issued as 司法省刑事局「思想研究資料」特輯第7号. | ||
| 830 | 0 | |6 880-54 |a Shakai mondai shiryō sōsho ; |v dai 1-shū. | |
| 880 | 0 | |6 830-54 |a 社会問題資料叢書 ; |v 第1輯. | |
| 830 | 0 | |6 880-06 |a Shisō kenkyū shiryō. |p Tokushū ; |v dai 7-gō. | |
| 880 | 0 | |6 830-06 |a 思想研究資料. |p 特輯, |v 第7号. | |
| 988 | |a 20021214 | ||
| 906 | |0 DLC | ||


